Dua Lipa - We're good (All lyrics) - Statistics

General Stats
  • This quiz has been taken 241 times
  • The average score is 238 of 295
Answer Stats
Answer % Correct
go
98%
good
98%
I
98%
we
98%
we're
97%
We're
97%
a
96%
an
95%
I'm
94%
on
94%
and
92%
be
92%
it
92%
it,
92%
say
92%
when
92%
you
92%
like
91%
(Like
91%
the
91%
island,
90%
me
90%
No
90%
to
90%
(To
90%
So
88%
you're
88%
it's
87%
It's
87%
not
87%
Not
87%
alone
85%
could
85%
think
85%
even
84%
simple,
84%
all
83%
Can't
83%
meant
83%
rather
83%
I'd
82%
Let's
82%
let's
82%
pretty
82%
should
82%
do
81%
plain
81%
cocaine
80%
cocaine)
80%
gave
80%
silence,
80%
time
80%
ways
80%
ways,
80%
our
78%
take
78%
close
77%
from
77%
goodbye
77%
sleeping
76%
agree
75%
at
75%
my
74%
this
74%
This
74%
window
74%
least
73%
separate
72%
wave
72%
don't
68%
want
66%
what
66%
won't
66%
else
65%
hide
65%
myself
65%
need
65%
somebody
65%
with
64%
end
62%
gonna
62%
just
61%
As
59%
as
59%
if
59%
judge
59%
long
59%
that
59%
pissed
56%
hold
55%
get
54%
both
53%
grudge
48%
swear
48%
burden
46%
look,
46%
would
45%
give
44%
Now
43%
easy
42%
knew
42%
against
40%
best
40%
make
36%
trying
36%
holding
35%
oh)
26%
No matching quizzes found
Score Distribution
Percent of People with Each Score
Percentile by Number Answered
Your Score History
You have not taken this quiz